000 00500nam a2200157 i 4500
001 95008
003 ES-MaACL
005 20230906181619.0
007 t|
008 050519s1971 sp ||||1| spa d
100 1 _aLugon, Clovis.
_974662
245 1 4 _aLos religiosos a debate
_b: partiendo de una experiencia: la Abadía de Aulps /
_cClovis Lugon; traducción del francés por Diorki.
260 _aMadrid :
_bStudium,
_c1971.
300 _a256 p. ;
_c22 cm.
852 _aES-MaACL
_jC-47541
_bR.79902
999 _c95008
_d95008